| 000 | 01200nam a2200277 a 4500 | ||
|---|---|---|---|
| 001 | BRCA_7867 | ||
| 005 | 20190320210030.0 | ||
| 008 | 191113s1968----nyua######---#000-0#eng-# | ||
| 041 | _aeng | ||
| 044 | _anyu | ||
| 050 | 4 |
_aN620 _b.F75 1968 |
|
| 245 | 1 | 0 |
_aThe Frick collection _ban illustrated catalogue. |
| 260 |
_aNueva York _bFrick Collection _c1968- |
||
| 300 |
_a4 v. _bil. (algunas a color) _c26 cm. |
||
| 500 | _aDedicatoria del director de la colección Frick al Sr. Franz Mayer | ||
| 500 | _aY111 | ||
| 505 | 0 | _aContenido: v.1. Paintings : american british, dutch, flemish and german. -- v.2. Paintings: french, italian and spanish. -- v.3. Italian sculpture, renaissance and subsequent periods. -- v.4. German, netherlandish and french sculpture, fifteenth through seventeenth centuries. French and british sculpture, eighteenth and nineteenth centuries | |
| 600 | 1 | 4 |
_aFrick, Henry Clay _919464 |
| 610 | 2 | 4 |
_aFrick Collection (Nueva York) _919465 |
| 650 | 1 | 4 |
_aArte _zNueva York _910583 |
| 650 | 1 | 4 |
_aArte _xColecciones particulares _97906 |
| 650 | 1 | 4 |
_aColeccionistas y colecciones _919466 |
| 650 | 1 | 4 |
_aGalerÃas y museos _zEstados Unidos _97437 |
| 902 | _aGFM | ||
| 942 |
_2lcc _cB |
||
| 999 |
_c7541 _d7541 |
||